000 00402nam a22001457a 4500
003 OSt
008 250716b |||||||| |||| 00| 0 eng d
020 _a9789387774957
082 _a891.431032
_bS53H
100 _aNaresh Kumar Sharma 'Jeev'
245 _aHindi Doha Krit Valmikiy Ramayan (Balkand Pratham Sarg)
260 _aNew Delhi
_bShivank Prakashan
_c2025
300 _aviii,71p
942 _2ddc
_cHB
999 _c48475
_d48475